03040cam a2200289 i 450000500170000000800410001702000180005802000150007603500210009104000440011204100080015610000230016424501560018724600530034325000110039626000400040730000600044750001830050750400530069050518420074365000220258565000380260770000400264570000230268570000210270870000210272920151027104249.01510 s2009 xx ag frb 001 0 eng d a9781579997267 a1579997260 a(OCoLC)428734561 aCo-BoUCMbengcSaul NiñodSaul Niño0 aeng1 aJordan, James Mark10aEvoking soundbfundamentals of choral conductingcJames Jordan ; foreword por Morten Lauridsen ; con capítulos de Robert W. Rumbelow, James Whitbourn1 iTitle on DVD menu screen:aAnatomy of conducting a2nd ed aChicago (Estados Unidos)bGiac2009 axxxii, 466 páginasbilustraciones, músicae1 CD-ROM a[DVD contiene la discusión y la demostración de las técnicas de realización de instrumentales y corales de la autora y Eugene Migliaro Corporon; en parte, la animación] aIncluye referencias bibliográficas e índices0 aBeginnings -- The essences of gesture : to advocate and connect -- Alignment : creating the inner space for breath -- Essential understandings : primal building blocks of conducting technique -- Consistent tempo : a prerequisite and essential skill -- The anticipatory process : readiness to receive sound and breath -- Breathing and dropping in : gesture informed by breath -- The architecture of conducting patterns -- Initiating sound through the breath impulse gesture : definition and importance of the Ictus -- Understanding the Saito conducting method -- Pattern mechanics and geometry -- Your movement potential and conducting : an application of the work of Rudolf von Laban -- Teaching body awareness to conductors : the use of the Swiss ball -- Adding weight to conducting gesture : experiencing kinesthetic transfer -- Creating integrative conducting technique through core distal connectivity -- The morphology of sounds : conducting note attacks, releases, and fermatas -- Listening -- The left hand -- Receiving, listening to, and reacting to the sound -- Initiation of the musical line -- Music aptitude : realizing your music potential as a conductor -- Preparing the score : allowing the music to speak -- Preparing for the kinesthetic conducting : the principles of Laban Score Management Analysis (LMSA) -- Basics for choral conductors working with instrumentalists / Robert W. Rumbelow -- Facing the orchestra : a choral conductor's guide to the orchestra / James Whitbourn -- Giving meaning to the music through the text -- trust and conducting : interpreter or transmitter? -- The anatomy of conducting DVD : a companion to Evoking Sound -- Music for conducting study : a companion to Evoking Sound -- String resource guide -- Music for basic conducting study and self-evaluation -- Inner game of music-conducting. 0aCoros (Música)  0aConducción de clases xMúsica1 aLauridsen, Mortend1943-eprólogo1 aRumbelow, Robert W1 aWhitbourn, James1 aCorporon, Eugene